Подробности
| 000 -МАРКЕР |
| контрольное поле |
01922nam0a2200289 4500 |
| 001 - ИДЕНТИФИКАТОР ЗАПИСИ |
| контрольное поле |
RU\NLR\BIBL_A\011734699 |
| 005 - ИДЕНТИФИКАТОР ВЕРСИИ |
| контрольное поле |
20260406042925.0 |
| 035 ## - ДРУГИЕ СИСТЕМНЫЕ НОМЕРА |
| Идентификатор записи |
(NLR Aleph) 011734699 |
| 100 ## - ДАННЫЕ ОБЩЕЙ ОБРАБОТКИ |
| Данные общей обработки |
20180621d2002 |||y0rusy50 ca |
| 101 0# - ЯЗЫК РЕСУРСА |
| Язык текста, звукозаписи и т.д. |
русский |
| 102 ## - СТРАНА ПУБЛИКАЦИИ ИЛИ ПРОИЗВОДСТВА |
| Страна публикации |
российская федерация |
| 105 ## - ПОЛЕ КОДИРОВАННЫХ ДАННЫХ: ТЕКСТОВЫЕ МАТЕРИАЛЫ, МОНОГРАФИЧЕСКИЕ |
| Кодированные данные о монографическом текстовом документе |
ac||z|||000zy |
| 200 1# - ЗАГЛАВИЕ И СВЕДЕНИЯ ОБ ОТВЕТСТВЕННОСТИ |
| Основное заглавие |
Полное собрание духовные стихотворений настоятельницы Иоанно-Предтеченского Леушинского монастыря |
| Первые сведения об ответственности |
игумения Таисия Леушинская |
| Последующие сведения об ответственности |
[редактор: священник Геннадий Беловолов, настоятель храма св. Ап. и Ев. Иоанна Богослова] |
| 205 ## - СВЕДЕНИЯ ОБ ИЗДАНИИ |
| Сведения об издании |
7-е изд. |
| Дополнительные сведения об издании |
2-е после 1917 г. |
| 210 ## - ПУБЛИКАЦИЯ, РАСПРОСТРАНЕНИЕ И ДР. |
| Место издания, распространения и т.д. |
Санкт-Петербург |
| Имя издателя, распространителя и т. д. |
Леушинское подворье |
| Дата издания, распространения и т.д. |
2002 |
| 215 ## - ФИЗИЧЕСКАЯ ХАРАКТЕРИСТИКА |
| Специфическое обозначение материала и объем |
98, [5] с. |
| Другие сведения о физической характеристике |
ил., портр. |
| Размеры |
20 |
| 327 1# - ПРИМЕЧАНИЯ О СОДЕРЖАНИИ |
| Текст примечания |
Содерж.: циклы: Молитва есть дар благодати священный; Впечатление инокини при виде мирской суеты; Над Священным Писанием; Пролог в стихах; Мои воспоминанья; В Леушино; Праведнику; "С нами Царь наш, Царь Державный, Сердца русского любовь..." |
| 686 2# - ИНДЕКСЫ ДРУГИХ КЛАССИФИКАЦИЙ |
| Индекс |
Ш6(2=Р)52-4 |
| 700 #0 - ИМЯ ЛИЦА - ПЕРВИЧНАЯ ОТВЕТСТВЕННОСТЬ |
| Материалы, к которым относится поле |
rus |
| Графика поля |
Кириллица |
| Начальный элемент ввода |
Таисия |
| Дополнения к именам, кроме дат |
Солопова, Мария Васильевна |
| -- |
игумения |
| Даты |
1840-1915 |
| Идентификатор авторитетной/нормативной записи |
RU\NLR\AUTH\773062 |
| Системный номер авторитетной/нормативной записи |
113068 |
| 702 #1 - ИМЯ ЛИЦА - ВТОРИЧНАЯ ОТВЕТСТВЕННОСТЬ |
| Код отношения |
Редактор |
| Материалы, к которым относится поле |
rus |
| Графика поля |
Кириллица |
| Начальный элемент ввода |
Беловолов |
| Часть имени, кроме начального элемента ввода |
Г. |
| Даты |
1958- |
| Расширение инициалов личного имени |
Геннадий |
| Идентификатор авторитетной/нормативной записи |
RU\NLR\AUTH\7723107 |
| Системный номер авторитетной/нормативной записи |
6161 |
| 942 ## - ДОПОЛНИТЕЛЬНЫЕ ЭЛЕМЕНТЫ ЗАПИСИ (АБИС) |
| Тип экземпляра АБИС |
Книга |
| 980 ## - КОЛЛЕКЦИЯ |
| Название коллекции |
Национальная библиография |